US States Quiz + Postal Codes + State Capitals - Statistics

General Stats
  • This quiz has been taken 126 times
  • The average score is 78 of 150
Answer Stats
State % Correct
AL
88%
AR
77%
CA
75%
CO
73%
MI
73%
WA
73%
DE
71%
MO
71%
AK
69%
IN
69%
MA
69%
NE
69%
Alabama
67%
California
67%
IL
67%
Alaska
65%
Arkansas
65%
ID
65%
OR
65%
Arizona
63%
Colorado
63%
Delaware
63%
HA
63%
Mississippi
63%
UT
63%
AZ
60%
CT
60%
FL
60%
Illinois
60%
Indiana
60%
LA
60%
Louisiana
60%
Maine
60%
OH
60%
Washington
60%
IA
58%
Idaho
58%
Maryland
58%
ME
58%
Michigan
58%
Minnesota
58%
Missouri
58%
MS
58%
New Hampshire
58%
WY
58%
Connecticut
56%
GA
56%
Iowa
56%
Kansas
56%
Kentucky
56%
Nevada
56%
New Jersey
56%
Oregon
56%
RI
56%
SC
56%
WI
56%
Denver
54%
Florida
54%
Georgia
54%
Hawaii
54%
Massachusetts
54%
MD
54%
MN
54%
Montana
54%
Nebraska
54%
New York
54%
North Dakota
54%
NY
54%
Ohio
54%
Texas
54%
Utah
54%
Juneau
52%
KS
52%
KY
52%
Little Rock
52%
ND
52%
North Carolina
52%
OK
52%
Sacramento
52%
South Carolina
52%
South Dakota
52%
Wisconsin
52%
Honolulu
50%
NC
50%
NH
50%
NV
50%
Phoenix
50%
Rhode Island
50%
SD
50%
Tennessee
50%
Virginia
50%
West Virginia
50%
Wyoming
50%
Atlanta
48%
Baton Rouge
48%
Boston
48%
Des Moines
48%
Dover
48%
Indianapolis
48%
Montgomery
48%
MT
48%
New Mexico
48%
NJ
48%
Pennsylvania
48%
Springfield
48%
Vermont
48%
WV
48%
Boise
46%
Oklahoma
46%
Salt Lake City
46%
Topeka
46%
TX
46%
VA
46%
VT
46%
Albany
44%
Austin
44%
Jackson
44%
NM
44%
PA
44%
Tallahasse
44%
Augusta
42%
Lansing
42%
Oklahoma City
42%
TN
42%
Bismarck
40%
Carson City
40%
Frankfort
40%
Hartford
40%
Helena
40%
Lincoln
40%
Olympia
40%
Salem
40%
Annapolis
38%
Madison
38%
Pierre
38%
Raleigh
38%
Richmond
38%
Charleston
35%
Cheyenne
35%
Concord
35%
Harrisburg
35%
Jefferson City
35%
Nashville
35%
Providence
35%
Trenton
35%
Santa Fé
33%
Saint Paul
31%
Montpelier
27%
Colombia
25%
Colombus
6%
No matching quizzes found
Score Distribution
Percent of People with Each Score
Percentile by Number Answered
Your Score History
You have not taken this quiz